Orthodoxe Länder - Statistiken

Allgemein
  • Dieses Quiz wurde 93 mal gespielt
  • Das Durchschnittsergebnis liegt bei 14 aus 21
Antwortstatistiken
% Länder % Korrekt
72 Russland
100%
71 Ukraine
88%
81.1 Rumänien
87%
90 Griechenland
84%
83.3 Belarus
83%
59.4 Bulgarien
82%
84 Serbien
81%
83.4 Georgien
78%
93.3 Moldawien
73%
92.6 Armenien
71%
23.9 Kasachstan
64%
31 Bosnien und Herzegowina
63%
17.9 Lettland
63%
69.8 Nordmazedonien
63%
13.7 Estland
61%
81 Montenegro
53%
17 Kirgisistan
52%
89.1 Zypern
45%
43.8 Äthiopien
37%
11 Ägypten
34%
47 Eritrea
23%
Keine übereinstimmenden Quizze gefunden
Verteilung der Resultate
Anzahl Personen mit jedem Resultat
Perzentil nach korrekt beantworteten Fragen
Ihre Resultats-Entwicklung
Sie haben dieses Quiz noch nicht gespielt